[Event "PRO League Group Stage"]
[Site "chess.com INT"]
[Date "2018.01.18"]
[Round "1"]
[White "Song, Edward"]
[Black "Perez Ponsa, Federico"]
[Result "0-1"]
[WhiteTitle "FM"]
[BlackTitle "GM"]
[WhiteElo "2319"]
[BlackElo "2553"]
[WhiteTeam "Pittsburgh Pawngrabbers"]
[BlackTeam "Buenos Aires Krakens"]
[WhiteFideId "2051192"]
[BlackFideId "117927"]
[EventDate "2018.01.18"]

1. e4 c5 2. Nf3 d6 3. d4 cxd4 4. Nxd4 Nf6 5. Nc3 a6 6. Bg5 Nbd7 7. Bc4 Qb6 8.
O-O Qxb2 9. Nd5 Nxd5 10. Rb1 Qc3 11. Bxd5 e6 12. Re1 Nc5 13. Re3 Qa5 14. Nf5 h6
15. Bf4 e5 16. Bg3 Qc7 17. f4 g6 18. fxe5 dxe5 19. Nd4 Bd6 20. Nb3 Ne6 21. Rd3
Be7 22. Qd2 O-O 23. Rc3 Qd6 24. Rd3 Qb6+ 25. Kh1 Nf4 26. Bxf4 exf4 27. Qxf4 Bg5
28. Qf3 Be6 29. c4 Rac8 30. Rdd1 Qe3 31. Qxe3 Bxe3 32. Rd3 Ba7 33. Nd4 Bxd4 34.
Rxd4 b5 35. cxb5 axb5 36. h3 Bd7 37. Rb2 Kg7 38. Rdd2 Rc7 39. Kg1 Rfc8 40. Rf2
Be8 41. Kh2 Re7 42. Rfd2 Re5 43. Rb3 Rd8 44. Rbd3 Rd6 45. Kg1 h5 46. Rb3 Ra6 47.
Rf2 f5 48. Re3 Ra7 49. Kh2 h4 50. Re1 Bf7 51. Bxf7 Rxf7 52. Rfe2 Rfe7 53. Kg1
Rxe4 54. Rxe4 Rxe4 55. Rb1 b4 56. Rb3 Kf6 57. a3 bxa3 58. Rxa3 Rb4 59. Kf2 Rb2+
60. Kf3 Kg5 61. Rc3 Kh5 62. Ra3 Rc2 63. Rb3 Ra2 64. Rc3 Ra5 65. Rb3 g5 66. Rb2
Ra4 67. Rc2 Rf4+ 68. Ke3 Rf1 69. Ke2 Ra1 70. Kf2 Ra5 71. Rb2 Rd5 72. Ra2 Re5 73.
Rb2 Rc5 74. Ra2 Rc3 75. Rb2 Rg3 76. Ra2 f4 77. Ra8 f3 78. Rh8+ Kg6 79. gxf3 Rxh3
80. Rg8+ Kf6 81. Rf8+ Kg7 82. Rf5 Kg6 83. Ra5 Rh2+ 84. Kg1 Rc2 85. Rb5 Kf6 86.
Ra5 Re2 87. Rb5 Re5 88. Rb8 Rd5 89. Rf8+ Ke5 90. Kg2 Rd6 91. Re8+ Re6 92. Rf8
Rf6 93. Re8+ Kf5 94. Re4 Rc6 95. Ra4 Rc2+ 96. Kh3 Rf2 97. Ra3 Kf4 98. Ra4+ Kxf3
99. Ra3+ Kf4 100. Ra4+ Kf5 101. Ra5+ Kf4 102. Ra4+ Kf3 103. Ra3+ Ke4 104. Ra4+
Ke5 105. Ra5+ Kf6 106. Ra6+ Kg7 107. Kg4 Rg2+ 108. Kh3 Rg3+ 109. Kh2 Rf3 110.
Kg2 Rf6 111. Ra7+ Kg6 112. Kh3 Rf3+ 113. Kg2 Rb3 114. Ra8 Kh5 115. Kh2 h3 116.
Ra4 g4 117. Ra8 Rb2+ 118. Kg3 Rb3+ 119. Kh2 Rb2+ 120. Kg3 Rg2+ 121. Kf4 h2 122.
Rh8+ Kg6 123. Rh4 g3 124. Kf3 Rg1 0-1

[Event "PRO League Group Stage"]
[Site "chess.com INT"]
[Date "2018.01.18"]
[Round "1"]
[White "Roberson, Peter T"]
[Black "Borisek, Jure"]
[Result "1/2-1/2"]
[WhiteTitle "IM"]
[BlackTitle "GM"]
[WhiteElo "2412"]
[BlackElo "2576"]
[WhiteTeam "London Towers"]
[BlackTeam "Ljubljana Turtles"]
[WhiteFideId "412384"]
[BlackFideId "14603152"]
[EventDate "2018.01.18"]

1. e4 e5 2. Nf3 Nc6 3. Bc4 Bc5 4. c3 Nf6 5. d4 exd4 6. cxd4 Bb4+ 7. Nbd2 d5 8.
exd5 Nxd5 9. O-O O-O 10. a3 Be7 11. Re1 Bf5 12. Ba2 Nb6 13. Ne4 Bg6 14. Nc5 Bxc5
15. dxc5 Qxd1 16. Rxd1 Na4 17. b4 Nc3 18. Re1 Rfe8 19. Be3 Nxa2 20. Rxa2 Rad8
21. Rd2 Rxd2 22. Bxd2 Rxe1+ 23. Bxe1 f6 24. Bc3 a6 25. Nd4 Nxd4 26. Bxd4 Kf7 27.
a4 Ke6 28. a5 Kd5 29. Be3 Ke4 30. c6 bxc6 31. Bc5 Bf7 32. h4 1/2-1/2

[Event "PRO League Group Stage"]
[Site "chess.com INT"]
[Date "2018.01.18"]
[Round "1"]
[White "Shabalov, Alexander"]
[Black "Krysa, Leandro"]
[Result "1-0"]
[WhiteTitle "GM"]
[BlackTitle "GM"]
[WhiteElo "2544"]
[BlackElo "2548"]
[WhiteTeam "Pittsburgh Pawngrabbers"]
[BlackTeam "Buenos Aires Krakens"]
[WhiteFideId "2008572"]
[BlackFideId "116807"]
[EventDate "2018.01.18"]

1. e4 e5 2. Nf3 Nc6 3. Nc3 Nf6 4. Bb5 Bd6 5. d3 O-O 6. a3 Nd4 7. Bc4 c6 8. Bg5
Bc7 9. Qd2 Ne6 10. h4 b5 11. Ba2 a5 12. Ne2 h6 13. O-O-O hxg5 14. hxg5 Nh7 15.
Bxe6 dxe6 16. Rh4 Nxg5 17. Nxg5 f6 18. Nh7 Re8 19. Rdh1 Kf7 20. g4 Ke7 21. g5 f5
22. f4 fxe4 23. fxe5 exd3 24. Nf4 Bb6 25. Nf6 dxc2 26. Ng6+ Kf7 27. Qf4 Qd1+ 28.
Rxd1 cxd1=Q+ 29. Kxd1 Rd8+ 30. Kc2 Rd4 31. Ne4+ Kxg6 32. Qg4 Rc4+ 33. Kb1 1-0

[Event "PRO League Group Stage"]
[Site "chess.com INT"]
[Date "2018.01.18"]
[Round "1"]
[White "Shabalov, Alexander"]
[Black "Pichot, Alan"]
[Result "1-0"]
[WhiteTitle "GM"]
[BlackTitle "GM"]
[WhiteElo "2544"]
[BlackElo "2552"]
[WhiteTeam "Pittsburgh Pawngrabbers"]
[BlackTeam "Buenos Aires Krakens"]
[WhiteFideId "2008572"]
[BlackFideId "110973"]
[EventDate "2018.01.18"]

1. e4 c5 2. Nc3 e6 3. f4 d5 4. Nf3 Nc6 5. Bb5 Ne7 6. O-O a6 7. Bxc6+ Nxc6 8. d3
Be7 9. Kh1 b5 10. Qe1 b4 11. Na4 O-O 12. Be3 Qa5 13. b3 Qb5 14. c4 bxc3 15. Nxc3
Qb7 16. exd5 exd5 17. Nxd5 Bd6 18. Rc1 Be6 19. Nc3 Nb4 20. Rd1 Rad8 21. Qh4 Be7
22. Qh5 Nd5 23. Bd2 Nxc3 24. Bxc3 Rd5 25. Ne5 f6 26. f5 Rxe5 27. Bxe5 Bf7 28.
Qg4 h5 29. Qg3 h4 30. Qg4 h3 31. Rd2 Bd5 32. Bc3 hxg2+ 33. Rxg2 Bxg2+ 34. Qxg2
Qd7 35. Qe4 Rd8 36. Rf3 Qd5 37. Qxd5+ Rxd5 38. Kg2 Kf7 39. Kf2 Rd8 40. Ke3 Bd6
41. h3 Re8+ 42. Kd2 Rh8 43. Kc2 Rh5 44. Be1 Rg5 45. Bf2 Ke7 46. Kc3 Kd7 47. d4
cxd4+ 48. Bxd4 Rg2 49. a4 Kc6 50. Kc4 Rc2+ 51. Kd3 Rg2 52. Ke4 Bb4 53. Be3 Bd6
54. Rf1 Rb2 55. Rc1+ Kd7 56. Rc3 Rb1 57. Kf3 Rf1+ 58. Kg4 Be5 59. Rc4 Rb1 60. b4
Re1 61. Bb6 Rf1 62. h4 Rh1 63. Kh5 Rf1 64. Kg6 Rh1 65. Kxg7 Kd6 66. Bc7+ Kd5 67.
Rc5+ Kd4 68. Bxe5+ fxe5 69. f6 Rg1+ 70. Kf8 e4 71. f7 e3 72. Rc2 Kd3 73. Ra2 e2
74. Rxe2 Kxe2 75. Ke7 Rg7 76. Ke8 1-0

[Event "PRO League Group Stage"]
[Site "chess.com INT"]
[Date "2018.01.18"]
[Round "1"]
[White "Studer, Noel"]
[Black "Ladva, Ottomar"]
[Result "0-1"]
[WhiteTitle "GM"]
[BlackTitle "GM"]
[WhiteElo "2476"]
[BlackElo "2522"]
[WhiteTeam "Riga Magicians"]
[BlackTeam "Estonia Horses"]
[WhiteFideId "1319620"]
[BlackFideId "4500024"]
[EventDate "2018.01.18"]

1. d4 d5 2. c4 e6 3. Nf3 a6 4. c5 b6 5. cxb6 cxb6 6. Bf4 Nf6 7. Nc3 Bd6 8. e3
O-O 9. Bd3 Nc6 10. Ne5 Bxe5 11. Bxe5 Nxe5 12. dxe5 Nd7 13. f4 Nc5 14. Bc2 a5 15.
O-O f5 16. Qd4 Ba6 17. Rfc1 g5 18. a3 gxf4 19. exf4 Kh8 20. b4 Ne4 21. Na4 Qh4
22. Qe3 d4 23. Qxd4 Qxf4 24. g3 Rad8 25. Qxe4 Qxc1+ 26. Rxc1 fxe4 27. Bxe4 axb4
28. axb4 Rd4 29. Bg2 Rxb4 30. Nc3 Rc8 31. Ra1 Rxc3 32. Rxa6 Rb1+ 33. Kf2 Rb2+
34. Kg1 Rc1+ 0-1

[Event "PRO League Group Stage"]
[Site "chess.com INT"]
[Date "2018.01.18"]
[Round "1"]
[White "Studer, Noel"]
[Black "Kanep, Meelis"]
[Result "0-1"]
[WhiteTitle "GM"]
[BlackTitle "GM"]
[WhiteElo "2476"]
[BlackElo "2446"]
[WhiteTeam "Riga Magicians"]
[BlackTeam "Estonia Horses"]
[WhiteFideId "1319620"]
[BlackFideId "4501047"]
[EventDate "2018.01.18"]

1. d4 Nf6 2. c4 g6 3. Nc3 Bg7 4. e4 d6 5. Nf3 O-O 6. Be2 Bg4 7. Be3 Nfd7 8. Rc1
c5 9. d5 a6 10. a4 Qb6 11. Qd2 Bxf3 12. Bxf3 Ne5 13. Be2 Qb4 14. Nb1 Qxa4 15. f4
Ned7 16. O-O Qb4 17. Nc3 Nb6 18. Qd3 Na4 19. Nxa4 Qxa4 20. e5 Qd7 21. e6 fxe6
22. Bg4 Kh8 23. Bxe6 Qe8 24. f5 Nd7 25. Bxd7 Qxd7 26. fxg6 Qg4 27. gxh7 Bxb2 28.
Rb1 Be5 29. Bf2 b5 30. cxb5 c4 31. h3 cxd3 32. hxg4 axb5 33. Be3 Rxf1+ 34. Kxf1
Kxh7 35. Rxb5 Ra1+ 36. Kf2 Bc3 37. Rb7 d2 38. Rxe7+ Kg8 39. Bxd2 Bxd2 40. Re6
Bf4 41. Kf3 Be5 42. g5 Ra4 43. g3 Kg7 44. Re7+ Kg6 45. Rb7 Kxg5 46. Rb3 Rd4 47.
Rb5 Rd3+ 48. Ke4 Rxg3 49. Rb3 Rg4+ 50. Kf3 Kf5 51. Rb5 Rg3+ 52. Ke2 Ke4 53. Kf2
Rd3 54. Ke2 Rxd5 0-1

[Event "PRO League Group Stage"]
[Site "chess.com INT"]
[Date "2018.01.18"]
[Round "1"]
[White "Acor, Corey"]
[Black "Saric, Ivan"]
[Result "0-1"]
[WhiteTitle "FM"]
[BlackTitle "GM"]
[WhiteElo "2284"]
[BlackElo "2664"]
[WhiteTeam "Miami Champions"]
[BlackTeam "Montreal Chessbrahs"]
[WhiteFideId "2024861"]
[BlackFideId "14508150"]
[EventDate "2018.01.18"]

1. e4 c6 2. d3 d5 3. Nd2 Nf6 4. g3 Bg4 5. Be2 Bxe2 6. Qxe2 e6 7. Ngf3 Be7 8. O-O
O-O 9. b3 a5 10. a4 Na6 11. Bb2 Nb4 12. c3 dxe4 13. dxe4 Qd3 14. Rfe1 Qxe2 15.
Rxe2 Nd3 16. Ba3 Bxa3 17. Rxa3 Rfd8 18. Ra1 Nc5 19. e5 Nd5 20. Rc1 h6 21. Kf1 b5
22. c4 Nd3 23. Ra1 Nc3 24. Re3 b4 25. Ne4 Nxe4 26. Rxe4 Nc5 27. Re3 Rd7 28. Ke2
Rad8 29. Rb1 g5 30. h3 Kg7 31. Rb2 Rd1 32. Rd2 R8xd2+ 33. Nxd2 Rc1 34. Ne4 Nxe4
35. Rxe4 h5 36. g4 Kg6 37. Rd4 c5 38. Rd8 Rc2+ 39. Rd2 Rc3 40. Rd3 Rc2+ 41. Rd2
Rc1 42. Rd8 Rb1 43. Rd3 hxg4 44. hxg4 f6 45. exf6 Kxf6 46. Rf3+ Ke5 47. Re3+ Kf4
48. Rg3 e5 49. Kd2 e4 50. Ke2 Rc1 51. Kd2 Rc3 52. Rg1 Rxb3 53. Ke2 Rb2+ 0-1

[Event "PRO League Group Stage"]
[Site "chess.com INT"]
[Date "2018.01.18"]
[Round "1"]
[White "Acor, Corey"]
[Black "Hambleton, Aman"]
[Result "0-1"]
[WhiteTitle "FM"]
[BlackTitle "IM"]
[WhiteElo "2284"]
[BlackElo "2501"]
[WhiteTeam "Miami Champions"]
[BlackTeam "Montreal Chessbrahs"]
[WhiteFideId "2024861"]
[BlackFideId "2606577"]
[EventDate "2018.01.18"]

1. e4 e6 2. d3 d5 3. Nd2 c5 4. g3 Nc6 5. Bg2 Nf6 6. Ngf3 g6 7. O-O Bg7 8. c3 O-O
9. Re1 b6 10. Qa4 Qc7 11. Nf1 dxe4 12. dxe4 Bb7 13. Bf4 Qe7 14. Rad1 Rfd8 15.
Ne5 Nxe5 16. Bxe5 Nd7 17. Bc7 Rdc8 18. Rxd7 Qe8 19. Qd1 Bc6 20. Rd2 Rxc7 21. Qc2
Rd8 22. Red1 Rcd7 23. Rxd7 Rxd7 24. Rxd7 Qxd7 25. Qd2 Qxd2 26. Nxd2 Kf8 27. f4
e5 28. Kf2 Ke7 29. Nc4 b5 30. Na5 Bd7 31. Nb7 c4 32. Ke3 Bc8 33. Nc5 Kd6 34. b4
cxb3 35. Nxb3 exf4+ 36. gxf4 Bxc3 37. Bf1 a6 38. Bg2 f6 39. Kd3 Be1 40. Ke3 Be6
41. Nc1 Bb4 42. Nd3 Ba3 43. e5+ Ke7 44. Bb7 a5 45. Ba6 b4 46. Nc5 Bxa2 47. Bb5
fxe5 48. fxe5 b3 0-1

[Event "PRO League Group Stage"]
[Site "chess.com INT"]
[Date "2018.01.18"]
[Round "1"]
[White "Stokke, Kjetil"]
[Black "Hayrapetyan, Artavazd R."]
[Result "0-1"]
[WhiteTitle "IM"]
[BlackTitle "FM"]
[WhiteElo "2336"]
[BlackElo "2370"]
[WhiteTeam "Oslo Trolls"]
[BlackTeam "Armenia Eagles"]
[WhiteFideId "1502964"]
[BlackFideId "13304240"]
[EventDate "2018.01.18"]

1. Nf3 Nf6 2. g3 e6 3. Bg2 d5 4. O-O Be7 5. c4 O-O 6. d4 c6 7. Qc2 b6 8. Nbd2
Bb7 9. e4 Nbd7 10. e5 Ne8 11. cxd5 cxd5 12. Re1 Rc8 13. Rf1 Rxc2 14. Re1 Ba6 0-1

[Event "PRO League Group Stage"]
[Site "chess.com INT"]
[Date "2018.01.18"]
[Round "1"]
[White "Stokke, Kjetil"]
[Black "Shevchenko, Kirill"]
[Result "0-1"]
[WhiteTitle "IM"]
[BlackTitle "GM"]
[WhiteElo "2336"]
[BlackElo "2538"]
[WhiteTeam "Oslo Trolls"]
[BlackTeam "Armenia Eagles"]
[WhiteFideId "1502964"]
[BlackFideId "14129574"]
[EventDate "2018.01.18"]

1. d4 Nf6 2. Nf3 e6 3. c4 b6 4. g3 Bb7 5. Bg2 Be7 6. O-O O-O 7. d5 exd5 8. Nh4
c6 9. cxd5 Nxd5 10. Nf5 Nc7 11. e4 d5 12. Nc3 Nba6 13. exd5 cxd5 14. Nxe7+ Qxe7
15. Re1 Qd7 16. Bf4 Rfe8 17. Qd2 Rxe1+ 18. Rxe1 Rd8 19. Be5 f6 20. Bf4 Bc6 21.
Ne2 Ne6 22. Bh3 Nac5 23. Nd4 Nxd4 24. Bxd7 Nf3+ 25. Kg2 Nxd2 26. Be6+ Nxe6 27.
Rxe6 Bd7 28. Rd6 Nc4 29. Rxd5 Bc6 0-1

[Event "PRO League Group Stage"]
[Site "chess.com INT"]
[Date "2018.01.18"]
[Round "1"]
[White "Kuybokarov, Temur"]
[Black "Sargissian, Gabriel"]
[Result "1/2-1/2"]
[WhiteTitle "IM"]
[BlackTitle "GM"]
[WhiteElo "2472"]
[BlackElo "2677"]
[WhiteTeam "Australia Kangaroos"]
[BlackTeam "Seattle Sluggers"]
[WhiteFideId "14203049"]
[BlackFideId "13300881"]
[EventDate "2018.01.18"]

1. d4 Nf6 2. Bf4 e6 3. e3 b6 4. Nd2 Be7 5. h3 O-O 6. Ngf3 c5 7. c3 Ba6 8. Bxa6
Nxa6 9. O-O cxd4 10. cxd4 Qc8 11. Qa4 Qb7 12. Rfc1 Rfc8 13. a3 Nc7 14. Nc4 Nce8
15. Qb3 h6 16. a4 Qd5 17. Nfe5 d6 18. Nd3 Rc7 19. Nb4 Qb7 20. a5 Rac8 21. axb6
axb6 22. Na6 Rc6 23. Nb4 R6c7 24. Na6 Rc6 25. Nb4 R6c7 26. Na6 Rc6 27. Nb4 R6c7
28. Na6 Rc6 29. Nb4 R6c7 1/2-1/2

[Event "PRO League Group Stage"]
[Site "chess.com INT"]
[Date "2018.01.18"]
[Round "1"]
[White "Kuybokarov, Temur"]
[Black "Feng, Roland"]
[Result "1/2-1/2"]
[WhiteTitle "IM"]
[BlackTitle "FM"]
[WhiteElo "2472"]
[BlackElo "2358"]
[WhiteTeam "Australia Kangaroos"]
[BlackTeam "Seattle Sluggers"]
[WhiteFideId "14203049"]
[BlackFideId "2060086"]
[EventDate "2018.01.18"]

1. e4 e6 2. d4 d5 3. Nc3 Nf6 4. e5 Nfd7 5. f4 c5 6. Nf3 Nc6 7. Be3 a6 8. Be2
cxd4 9. Nxd4 Nxd4 10. Bxd4 Bc5 11. Bxc5 Nxc5 12. Qd4 Qc7 13. O-O-O O-O 14. f5
Nd7 15. fxe6 fxe6 16. Rhf1 Rxf1 17. Rxf1 Qxe5 18. Qb4 Nf6 19. Bd3 Bd7 20. Qxb7
Rb8 21. Qxa6 Qxh2 22. a4 Qc7 23. Nb5 Qc5 24. Qa5 e5 25. Qc3 Qe3+ 26. Qd2 Qc5 27.
Qc3 Qe3+ 28. Qd2 Qc5 29. Qc3 Qe3+ 1/2-1/2

[Event "PRO League Group Stage"]
[Site "chess.com INT"]
[Date "2018.01.18"]
[Round "1"]
[White "Quesada Perez, Yuniesky"]
[Black "Kleinman, Michael"]
[Result "1/2-1/2"]
[WhiteTitle "GM"]
[BlackTitle "IM"]
[WhiteElo "2627"]
[BlackElo "2394"]
[WhiteTeam "Miami Champions"]
[BlackTeam "Montreal Chessbrahs"]
[WhiteFideId "3504409"]
[BlackFideId "2609479"]
[EventDate "2018.01.18"]

1. e4 c6 2. d4 d5 3. e5 Bf5 4. Nf3 e6 5. Be2 Ne7 6. c3 h6 7. Nbd2 Nd7 8. O-O a5
9. Re1 a4 10. Nf1 Bg6 11. Nh4 Bh7 12. f4 c5 13. Nf3 Nc6 14. Be3 Qb6 15. Qd2 Be4
16. Red1 Be7 17. Ng3 Bxf3 18. Bxf3 g6 19. Bf2 cxd4 20. cxd4 h5 21. Rac1 Qa5 22.
Qe2 Nb6 23. b3 axb3 24. axb3 Kd7 25. Qd3 Nb4 26. Qf1 h4 27. Ne2 Qb5 28. Nc3
Qxf1+ 29. Kxf1 Nc6 30. Nb5 Bb4 31. Rc2 Nc8 32. Rdc1 N8e7 33. Be2 Nf5 34. Bd3 Ra5
35. g4 hxg3 36. hxg3 Rh1+ 37. Kg2 Rxc1 38. Rxc1 Ra2 39. Kf3 Rd2 40. Be2 Nfxd4+
41. Bxd4 Nxd4+ 42. Nxd4 Rxd4 43. Bb5+ Kd8 44. Rh1 Rd2 45. Rh7 Ke7 46. Rh8 f5 47.
exf6+ Kxf6 48. Rh7 Bc5 49. Rxb7 g5 50. Be8 gxf4 51. gxf4 e5 52. fxe5+ Kxe5 53.
b4 Bd6 54. b5 Rb2 55. Bg6 Bc5 56. Bh7 Kd4 57. Bg6 Kc4 1/2-1/2

[Event "PRO League Group Stage"]
[Site "chess.com INT"]
[Date "2018.01.18"]
[Round "1"]
[White "Quesada Perez, Yuniesky"]
[Black "Castellanos Rodriguez, Renier"]
[Result "1/2-1/2"]
[WhiteTitle "GM"]
[BlackTitle "IM"]
[WhiteElo "2627"]
[BlackElo "2501"]
[WhiteTeam "Miami Champions"]
[BlackTeam "Montreal Chessbrahs"]
[WhiteFideId "3504409"]
[BlackFideId "3404650"]
[EventDate "2018.01.18"]

1. e4 c5 2. Nf3 e6 3. d4 cxd4 4. Nxd4 Nf6 5. Nc3 d6 6. Be3 a6 7. Be2 Qc7 8. Qd2
b5 9. a3 Bb7 10. f3 Nc6 11. g4 Be7 12. g5 Nd7 13. h4 b4 14. axb4 Nxb4 15. h5 Nc5
16. Ncb5 axb5 17. Rxa8+ Bxa8 18. Qxb4 O-O 19. Nxb5 Qb6 20. Qd4 e5 21. Qc4 Qd8
22. g6 d5 23. gxh7+ Kxh7 24. exd5 Qxd5 25. Kf2 Qxc4 26. Bxc4 f5 27. Nc7 Bb7 28.
Ne6 Rc8 29. Nxc5 Bxc5 30. b3 Bxe3+ 31. Kxe3 Kh6 32. Rg1 Rc7 33. f4 exf4+ 34.
Kxf4 Be4 35. Bd3 Bxd3 36. cxd3 Kxh5 37. Kxf5 Rf7+ 38. Ke5 Rb7 39. Rb1 g5 40. b4
g4 41. Kf4 Rf7+ 42. Kg3 Rf3+ 43. Kg2 Rxd3 44. b5 Rd7 45. b6 Rb7 46. Kg3 Kg5 47.
Rb5+ Kf6 48. Kxg4 Ke6 49. Kf4 Kd6 50. Ke4 Kc6 51. Rb1 Rxb6 52. Rxb6+ Kxb6 1/2-1/2

[Event "PRO League Group Stage"]
[Site "chess.com INT"]
[Date "2018.01.18"]
[Round "1"]
[White "Castellanos Rodriguez, Renier"]
[Black "Iturrizaga Bonelli, Eduardo"]
[Result "0-1"]
[WhiteTitle "IM"]
[BlackTitle "GM"]
[WhiteElo "2501"]
[BlackElo "2650"]
[WhiteTeam "Montreal Chessbrahs"]
[BlackTeam "Miami Champions"]
[WhiteFideId "3404650"]
[BlackFideId "3901211"]
[EventDate "2018.01.18"]

1. d4 Nf6 2. Nf3 e6 3. c4 b6 4. g3 Bb7 5. Bg2 c5 6. d5 exd5 7. Ng5 b5 8. Nc3 Nc6
9. Nxd5 h6 10. Nxf6+ Qxf6 11. Ne4 Qe6 12. cxb5 Nd8 13. f3 d5 14. Nf2 Be7 15. O-O
O-O 16. f4 f5 17. a4 Nf7 18. Ra3 Rad8 19. Re3 Qd6 20. b3 Bf6 21. Bf3 a6 22. bxa6
Bxa6 23. Ba3 Bd4 24. Qxd4 cxd4 25. Bxd6 dxe3 26. Bxf8 exf2+ 27. Kxf2 Kxf8 28.
Rd1 Bb7 29. Ke3 Ke7 30. Kd4 Kd6 31. Rc1 Re8 32. Rc5 Nd8 33. Rb5 Ne6+ 34. Kc3 d4+
35. Kd2 Bxf3 36. exf3 Nc5 37. a5 Re3 38. b4 Nb3+ 39. Kc2 Rc3+ 40. Kb2 Nd2 41. a6
Nc4+ 42. Kb1 Na3+ 43. Kb2 Nxb5 0-1

[Event "PRO League Group Stage"]
[Site "chess.com INT"]
[Date "2018.01.18"]
[Round "1"]
[White "Castellanos Rodriguez, Renier"]
[Black "Acor, Corey"]
[Result "0-1"]
[WhiteTitle "IM"]
[BlackTitle "FM"]
[WhiteElo "2501"]
[BlackElo "2284"]
[WhiteTeam "Montreal Chessbrahs"]
[BlackTeam "Miami Champions"]
[WhiteFideId "3404650"]
[BlackFideId "2024861"]
[EventDate "2018.01.18"]

1. d4 Nf6 2. Nf3 d6 3. c4 g6 4. g3 Bg7 5. Bg2 O-O 6. O-O Nbd7 7. Nc3 e5 8. e4 b6
9. Re1 Bb7 10. h3 exd4 11. Nxd4 Re8 12. f3 Ne5 13. b3 Nfd7 14. Be3 Nc5 15. Qc2
Ncd3 16. Rf1 Nb4 17. Qd2 Nec6 18. Nde2 Ne7 19. Rad1 Qd7 20. Bd4 f6 21. Kh2 Nbc6
22. Bg1 Rf8 23. f4 Rae8 24. Rfe1 Qc8 25. Nd5 f5 26. Nec3 a6 27. b4 fxe4 28. Rxe4
Nxd5 29. Nxd5 Rxe4 30. Bxe4 Re8 31. Re1 Qd7 32. Bf2 Kh8 33. Bg2 Rxe1 34. Qxe1
Kg8 35. Qd2 Nd8 36. c5 bxc5 37. bxc5 Kf7 38. Qa5 dxc5 39. Qxc5 Ne6 40. Qc4 Qd6
41. Qb3 Bxd5 42. Bxd5 Ke7 43. Kg2 Nd4 44. Qc4 Qb6 45. Be4 Qd6 46. Qg8 Ne6 47.
Qxh7 Qd2 48. Bxg6 Kd6 49. Bc2 Bd4 50. Qd3 Qxf2+ 0-1

[Event "PRO League Group Stage"]
[Site "chess.com INT"]
[Date "2018.01.18"]
[Round "1"]
[White "Cornette, Matthieu"]
[Black "Admiraal, Miguoel"]
[Result "1-0"]
[WhiteTitle "GM"]
[BlackTitle "IM"]
[WhiteElo "2611"]
[BlackElo "2453"]
[WhiteTeam "Cannes Blockbusters"]
[BlackTeam "Amsterdam Mosquitoes"]
[WhiteFideId "620084"]
[BlackFideId "1019716"]
[EventDate "2018.01.18"]

1. e4 c6 2. d4 d5 3. exd5 cxd5 4. Bd3 Nc6 5. c3 Qc7 6. Ne2 Bg4 7. O-O e6 8. Qe1
Bxe2 9. Qxe2 Nf6 10. Nd2 Bd6 11. g3 h5 12. Nf3 O-O-O 13. Bg5 Kb8 14. b4 Ne7 15.
Ne5 Nf5 16. Bxf5 exf5 17. Qf3 f4 18. Bxf4 Ne4 19. c4 g5 20. c5 gxf4 21. cxd6
Qxd6 22. Nxf7 Nd2 23. Qd3 Qf6 24. Nxh8 Nxf1 25. Ng6 Rg8 26. Ne5 Ka8 27. Rxf1 h4
28. g4 f3 1-0

[Event "PRO League Group Stage"]
[Site "chess.com INT"]
[Date "2018.01.18"]
[Round "1"]
[White "Cornette, Matthieu"]
[Black "Ducarmon, Quinten"]
[Result "1-0"]
[WhiteTitle "GM"]
[BlackTitle "IM"]
[WhiteElo "2611"]
[BlackElo "2472"]
[WhiteTeam "Cannes Blockbusters"]
[BlackTeam "Amsterdam Mosquitoes"]
[WhiteFideId "620084"]
[BlackFideId "1025007"]
[EventDate "2018.01.18"]

1. e4 c6 2. d4 d5 3. exd5 cxd5 4. Bd3 Nc6 5. c3 Qc7 6. Ne2 Bg4 7. O-O e6 8. Qe1
Bxe2 9. Qxe2 Bd6 10. g3 Nge7 11. Nd2 a6 12. f4 h6 13. Nf3 g5 14. fxg5 hxg5 15.
Bxg5 O-O-O 16. Bf6 Rh5 17. Ne5 Rh3 18. Nxf7 Rxh2 19. Nxd6+ 1-0

[Event "PRO League Group Stage"]
[Site "chess.com INT"]
[Date "2018.01.18"]
[Round "1"]
[White "Rendle, Thomas E"]
[Black "Borisek, Jure"]
[Result "1-0"]
[WhiteTitle "IM"]
[BlackTitle "GM"]
[WhiteElo "2362"]
[BlackElo "2576"]
[WhiteTeam "London Towers"]
[BlackTeam "Ljubljana Turtles"]
[WhiteFideId "408760"]
[BlackFideId "14603152"]
[EventDate "2018.01.18"]

1. e4 e5 2. Nf3 Nc6 3. Bc4 Bc5 4. c3 Nf6 5. d3 d6 6. O-O O-O 7. Bb3 a6 8. Re1
Ba7 9. h3 h6 10. d4 Re8 11. Be3 exd4 12. Nxd4 Rxe4 13. Nd2 Re8 14. Nxc6 bxc6 15.
Bxa7 Rxe1+ 16. Qxe1 Rxa7 17. Qe3 Ra8 18. Re1 Bd7 19. Qf3 d5 20. Qg3 Be6 21. Bc2
Qd6 22. Qd3 c5 23. Nf1 c4 24. Qd2 c5 25. Ng3 Rb8 26. b3 cxb3 27. axb3 Rd8 28.
Nf5 Bxf5 29. Bxf5 Re8 30. Ra1 Rb8 31. Bc2 Qb6 32. Qf4 Re8 33. Qa4 Re2 34. Bd3
Rd2 35. Qxa6 Qxa6 36. Bxa6 Ne4 37. c4 d4 38. Bb7 Nc3 39. Bd5 d3 40. Ra8+ Kh7 41.
Bxf7 Re2 42. Ra6 g5 43. Bg6+ Kg7 44. Bxd3 Rd2 45. Bf1 Rd1 46. g3 Ne2+ 47. Kg2
Nd4 48. Rd6 Rb1 49. Bd3 Rxb3 50. Be4 Rc3 51. Rg6+ Kf8 52. Bd5 1-0

[Event "PRO League Group Stage"]
[Site "chess.com INT"]
[Date "2018.01.18"]
[Round "1"]
[White "Connell, Blair N"]
[Black "Pavasovic, Dusko"]
[Result "0-1"]
[BlackTitle "GM"]
[WhiteElo "2234"]
[BlackElo "2540"]
[WhiteTeam "London Towers"]
[BlackTeam "Ljubljana Turtles"]
[WhiteFideId "403725"]
[BlackFideId "14600986"]
[EventDate "2018.01.18"]

1. e4 e5 2. Nf3 Nc6 3. Bc4 Bc5 4. c3 Nf6 5. d4 exd4 6. cxd4 Bb4+ 7. Bd2 Bxd2+ 8.
Nbxd2 d5 9. exd5 Nxd5 10. Qb3 Na5 11. Qa4+ Nc6 12. Qb3 Nce7 13. O-O O-O 14. Rfe1
c6 15. Ne4 h6 16. Ne5 Qb6 17. Qxb6 axb6 18. a3 Be6 19. Rac1 Rfd8 20. Red1 Nf4
21. Bf1 Bb3 22. Rd2 Nf5 23. Nf3 Bd5 24. Ng3 Nxg3 25. hxg3 Ne6 26. Bc4 Ra4 27.
Bxd5 Rxd5 28. Rcd1 h5 29. Kf1 b5 30. Re2 b4 31. axb4 Rxb4 32. Rdd2 Nxd4 33. Nxd4
Rdxd4 34. Re8+ Kh7 35. Rc2 Rd1+ 36. Re1 Rxe1+ 37. Kxe1 Kg6 38. Kd2 Rb3 39. Kc1
Kf6 40. Rd2 Ke7 41. Re2+ Kd7 42. Rd2+ Kc7 43. Re2 Rd3 44. Kc2 Rd7 45. Re5 g6 46.
Kc3 Kd6 47. Re3 Kc5 48. Re5+ Kd6 49. Re3 Re7 50. Rd3+ Kc5 51. Kd2 b5 52. Rf3 f5
53. Rd3 Re6 54. Rc3+ Kb4 55. Rd3 c5 56. Rd8 Kb3 57. Rd5 Kxb2 58. Rxc5 Rd6+ 59.
Ke3 b4 60. Rc8 b3 61. Rc7 Kb1 62. Rb7 b2 63. Rb8 Rd5 64. Ke2 Kc2 65. Rc8+ Kb3
66. Rb8+ Kc3 67. Rb7 Rd4 0-1